Bilecik Bilecik Bilecik Bilecik Bilecik

Tarihe not düşmek : (Record no. 45691)

MARC details
000 -BAŞLIK
Sabit Uzunluktaki Kontrol Alanı 00878nam a22002777a 4500
001 - KONTROL NUMARASI
Control Dosyası 0045722
003 - KONTROL NUMARASI KİMLİĞİ
Kontrol Alanı KOHA_MİRAKIL
005 - EN SON İŞLEM TARİHİ ve ZAMANI
Kontrol Alanı 20260207003455.0
007 - FİZİKSEL TANIM SABİT ALAN - GENEL BİLGİ
Sabit uzunluklu kontrol alanı ta
008 - SABİT UZUNLUKTAKİ VERİ ÖGELERİ - GENEL BİLGİ
Sabit Alan 140303b2013 tu a|||gr||||#||||0|tur |
020 ## - ISBN - ULUSLARARASI STANDART KİTAP NUMARASI
Isbn 9786054030880
040 ## - KATALOGLAMA KAYNAĞI
Özgün Kataloglama Kurumu TR-BiSEU
Kataloglama Dili tur
Çeviri Kurumu TR-BiSEU
Açıklama Kuralları rda
041 0# - DİL KODU
Metin ya da ses kaydının dil kodu tur
044 ## - YAYINLAYAN/ÜRETEN KURULUŞUN ÜLKE KODU
ISO country code tu
050 ## - SINIFLAMA ve YER NUMARASI
Sınıflama Numarası JV8745
Yer Numarası .T87 2013
100 1# - KİŞİ ADI
Yazar Adı (Kişi adı) Türkoğlu, Yusuf.
245 1# - ESER ADI BİLDİRİMİ
Başlık Tarihe not düşmek :
Alt Eseradı vb. 1989 göçü :
-- susmanın bedeli/
Sorumluluk Bildirimi Yusuf Türkoğlu ; Yusuf Türkoğlu ; yayına hazırlayanlar Hüseyin Mevsim, Muzaffer Kutlay.
264 #1 - ÜRERİM, YAYIN, DAĞITIM ve TELİF BİLDİRİMİ
Yayın yeri Ankara :
Yayınlayan USAK Yayınları
Yayın tarihi 2013
300 ## - FİZİKSEL TANIMLAMA
Sayfa, Cilt vb. 135 sayfa :
Diğer fiziki detaylar resimli ;
Boyutları 20 cm.
336 ## - İÇERİK TÜRÜ
Content type term metin
Content type code txt
Source rdacontent
337 ## - MEDYA TÜRÜ
Media type term aracısız
Media type code n
Source rdamedia
338 ## - TAŞIYICI TÜRÜ
Carrier type term cilt
Carrier type code nc
Source rdacarrier
490 1# - DİZİ BİLDİRİMİ
Dizi Bildirimi USAK yayınları ;
Cilt Numarası 65
830 1# - SERİ EK GİRİŞİ - TEKBİÇİM ESER ADI
Tekbiçim Başlık USAK yayınları ;
Volume number/sequential designation 65
9 (RLIN) 5884
942 ## - EK GİRİŞ ÖGELERİ (KOHA)
Source of classification or shelving scheme Library of Congress Classification
Koha item type Book
Holdings
Materyal Türü Kalıcı Konum Mevcut Konum Raf Yeri Sınıflandırma Kaynağı Edinim Bilgisi Ana Konular Alt Konular Yer Numarası Cilt Bilgisi Demirbaş Numarası Fatura Tarihi Geri Çekilme Durumu Kayıp Durumu Hasarlı Durumu Kredi için değil Kayıt Tarih Toplam Ödünçverme Son Görülme Tarihi Son Kontrol Tarihi Genel / Bağış Notu
Book Prof. Dr. Azmi Özcan Kütüphanesi Prof. Dr. Azmi Özcan Kütüphanesi Uluğbey Salonu Library of Congress Classification Bağış SİYASET BİLİMİ Sömürgeler ve Sömürgecilik, Göç JV8745 .T87 2013 c.2 0045722 02/02/2026         03/03/2014 1 05/12/2024 05/12/2024 Genel Bağış